000 00682nam a22002057a 4500
008 131107b xxu||||| |||| 00| 0 ger d
020 _a3827259185
041 0 _ager
080 _a331
100 _aFaber, Andreas
245 _aIch bekomme den Job :
_cAndreas Faber.
260 _aGermany :
_bMarkt + Technik Verlag ;
_cc2001
300 _a223 f. :
_bme il. ;
_c24 cm.
505 _aAdressen und Links = [Adresat dhe Linqet] : f. 213 - 216
505 _aLiteraturhinweise = Biliografi : f. 217 - 218
505 _aStichwortverzeichnis = Index : f. 219 - 223
650 0 _aPuna
650 0 _aPunësimi
942 _2udc
_cBK
999 _c243
_d243